[Event "Collado Villalba 64 op 7th"]
[Site "Collado Villalba"]
[Date "2019.08.03"]
[Round "8"]
[White "Gonzalez Sanchez, Jose"]
[Black "Sebastian Enesco, Alex"]
[Result "0-1"]
[WhiteElo "1638"]
[BlackElo "1808"]
[PlyCount "52"]
[EventDate "2019.07.29"]
[EventType "swiss"]
[EventRounds "9"]
[EventCountry "ESP"]
[SourceTitle "CBM 195 Extra"]
[Source "ChessBase"]
[SourceDate "2020.05.31"]
[SourceVersion "1"]
[SourceVersionDate "2020.05.31"]
[SourceQuality "1"]

1. e4 g6 2. d4 Bg7 3. Nc3 a6 4. Be3 b5 5. f3 d6 6. Qd2 Nd7 7. Bd3 c5 8. dxc5 dxc5 9. 0-0-0 c4 10. Be2 b4 11. Nd5 c3 12. bxc3 bxc3 13. Nxc3 Qa5 14. Bd4 Qa3+ 15. Kb1 Rb8+ 16. Bb5 e5 17. Ba7 Rb7 18. Be3 axb5 19. Nd5 Ne7 20. Nb4 0-0 21. h4 Nb6 22. Ne2 Nc4 23. Qc3 Qxc3 24. Nxc3 Nxe3 25. Rd3 Nxg2 26. h5 gxh5 0-1

[Event "Collado Villalba 64 op 7th"]
[Site "Collado Villalba"]
[Date "2019.07.29"]
[Round "1"]
[White "Olmedo Alvarez, Marcos"]
[Black "Sebastian Enesco, Alex"]
[Result "0-1"]
[WhiteElo "1357"]
[BlackElo "1808"]
[PlyCount "78"]
[EventDate "2019.07.29"]
[EventType "swiss"]
[EventRounds "9"]
[EventCountry "ESP"]
[SourceTitle "CBM 195 Extra"]
[Source "ChessBase"]
[SourceDate "2020.05.31"]
[SourceVersion "1"]
[SourceVersionDate "2020.05.31"]
[SourceQuality "1"]

1. e4 g6 2. Nf3 Bg7 3. d4 d6 4. Bc4 Nf6 5. Nc3 0-0 6. 0-0 Nc6 7. h3 e5 8. d5 Ne7 9. a3 Nh5 10. Bg5 f6 11. Bh4 Nf4 12. Bg3 g5 13. Bxf4 exf4 14. Ne2 h5 15. Nfd4 f5 16. Ne6 Bxe6 17. dxe6 fxe4 18. Bd5 f3 19. Ng3 fxg2 20. Kxg2 h4 21. Nxe4 Rf5 22. c3 Nxd5 23. Qg4 Rf4 24. Qh5 Rf5 25. Qg4 Rf4 26. Qh5 Qe7 27. Nxg5 Bf6 28. Qg6+ Qg7 29. Qxg7+ Kxg7 30. Nf7 Rf5 31. Kh1 Be5 32. Rg1+ Kf6 33. Nh6 Rg5 34. Rxg5 Kxg5 35. Nf7+ Kf5 36. Rg1 Kxe6 37. Ng5+ Kd7 38. Nf3 Rf8 39. Nxe5+ dxe5 0-1

[Event "Tres Cantos op 10th"]
[Site "Tres Cantos"]
[Date "2018.06.28"]
[Round "8.39"]
[White "Sebastian Enesco, Alex"]
[Black "Criado Jimenez, Jose"]
[Result "1/2-1/2"]
[WhiteElo "1866"]
[BlackElo "1553"]
[PlyCount "57"]
[EventDate "2018.06.21"]
[EventType "swiss"]
[EventRounds "9"]
[EventCountry "ESP"]
[SourceTitle "EXT 2024"]
[Source "ChessBase"]
[SourceDate "2023.10.10"]
[SourceVersion "1"]
[SourceVersionDate "2023.10.10"]
[SourceQuality "1"]

1. e4 c6 2. d4 d5 3. e5 Bf5 4. g4 Be4 5. f3 Bg6 6. h4 h6 7. Bd3 Bxd3 8. Qxd3 e6 9. Ne2 Nd7 10. Nbc3 Bb4 11. a3 Ba5 12. b4 Bc7 13. f4 a5 14. b5 c5 15. f5 cxd4 16. fxe6 Nxe5 17. exf7+ Nxf7 18. Nxd4 Ne7 19. Ne6 Qd6 20. Nxg7+ Kd7 21. Nf5 Qe6+ 22. Qe2 Be5 23. Bb2 Bxc3+ 24. Bxc3 Qxe2+ 25. Kxe2 Rhc8 26. Kd2 Rc4 27. Nxe7 Kxe7 28. Rae1+ Kd7 29. Bf6 1/2-1/2

[Event "Tres Cantos op 9th"]
[Site "Tres Cantos"]
[Date "2017.06.26"]
[Round "5"]
[White "De Vicente Guijarro, Juan"]
[Black "Sebastian Enesco, Alex"]
[Result "1-0"]
[WhiteElo "1779"]
[BlackElo "1894"]
[PlyCount "169"]
[EventDate "2017.06.22"]
[EventType "swiss"]
[EventRounds "9"]
[EventCountry "ESP"]
[SourceTitle "EXT 2019"]
[Source "ChessBase"]
[SourceDate "2018.10.10"]
[SourceVersion "1"]
[SourceVersionDate "2018.10.10"]
[SourceQuality "1"]

1. e4 g6 2. d4 Bg7 3. Nc3 a6 4. Bg5 b5 5. a4 b4 6. Nd5 Bb7 7. Bc4 Nf6 8. Bxf6 exf6 9. Nf3 0-0 10. 0-0 Re8 11. Re1 a5 12. c3 c6 13. Nf4 Na6 14. Qb3 Rf8 15. Rad1 Bh6 16. Nd3 d5 17. exd5 cxd5 18. Bb5 bxc3 19. bxc3 Nc7 20. Nc5 Bc8 21. Bc6 Ra6 22. Nxa6 Bxa6 23. Qb6 Qd6 24. Rb1 Bd3 25. Rb2 Ne6 26. Rb5 Be4 27. Rxe4 dxe4 28. Bxe4 Qf4 29. Bd3 Qc1+ 30. Bf1 Nf4 31. Rb2 Qxc3 32. Qb3 Nd5 33. g3 Rd8 34. Bc4 Qxb3 35. Rxb3 Bf8 36. Rb5 Nc3 37. Rxa5 Rd7 38. Ra8 Kg7 39. a5 Rc7 40. Bd3 Bb4 41. a6 Nd5 42. a7 Rc1+ 43. Bf1 Ra1 44. Rd8 Nc7 45. Rb8 Bf8 46. Rb7 Ne6 47. Kg2 g5 48. Bc4 Nd8 49. Rb8 Rxa7 50. Rxd8 Be7 51. Rb8 Rc7 52. Bd3 Rd7 53. Bf5 Rd6 54. Rb7 Bd8 55. g4 Bb6 56. Rd7 Rxd7 57. Bxd7 Kf8 58. Bf5 h6 59. Kf1 Ke7 60. Ke2 Kd6 61. Kd3 Ba5 62. Nd2 Bc7 63. Ne4+ Ke7 64. Ng3 Bf4 65. h3 Bc7 66. Be4 Bb6 67. Nf5+ Ke6 68. Nxh6 Ba5 69. Kc4 Be1 70. f3 Ba5 71. Ng8 Bc7 72. Bd5+ Kd7 73. Bxf7 Ba5 74. Bd5 Bd8 75. Be4 Ke6 76. Bg6 Bc7 77. Kc5 Bd6+ 78. Kc6 Bf8 79. d5+ Ke5 80. Be4 f5 81. gxf5 Bb4 82. f6 Bf8 83. Ne7 Kxf6 84. Nc8 Ke5 85. d6 1-0

[Event "Madrid Codes Memorial 11th"]
[Site "Madrid"]
[Date "2017.04.23"]
[Round "3"]
[White "Sebastian Enesco, Alex"]
[Black "Afana, Adham Jj"]
[Result "0-1"]
[WhiteElo "1889"]
[BlackElo "2086"]
[PlyCount "64"]
[EventDate "2017.04.02"]
[EventType "swiss"]
[EventRounds "9"]
[EventCountry "ESP"]
[SourceTitle "EXT 2019"]
[Source "ChessBase"]
[SourceDate "2018.10.10"]
[SourceVersion "1"]
[SourceVersionDate "2018.10.10"]
[SourceQuality "1"]

1. e4 e6 2. d4 d5 3. Nd2 c5 4. Ngf3 Nc6 5. Bb5 a6 6. Bxc6+ bxc6 7. c3 Nf6 8. Qa4 Bd7 9. e5 Ng8 10. Qc2 Qb6 11. a4 cxd4 12. Nxd4 c5 13. a5 Qc7 14. N4f3 Ne7 15. 0-0 Nc6 16. Re1 Nxa5 17. c4 Nc6 18. cxd5 exd5 19. Ng5 Nd4 20. Qd3 Bf5 21. Qf1 h6 22. Nge4 dxe4 23. Nxe4 Bxe4 24. Rxe4 Qc6 25. Qd3 Be7 26. f4 0-0 27. Re1 c4 28. Qh3 Nc2 29. Re2 Nxa1 30. f5 Rad8 31. Bd2 Nb3 32. f6 Bxf6 0-1

[Event "Madrid Codes Memorial 11th"]
[Site "Madrid"]
[Date "2017.04.09"]
[Round "2"]
[White "Ramos Antona, Enrique"]
[Black "Sebastian Enesco, Alex"]
[Result "0-1"]
[WhiteElo "1626"]
[BlackElo "1889"]
[PlyCount "116"]
[EventDate "2017.04.02"]
[EventType "swiss"]
[EventRounds "9"]
[EventCountry "ESP"]
[SourceTitle "EXT 2019"]
[Source "ChessBase"]
[SourceDate "2018.10.10"]
[SourceVersion "1"]
[SourceVersionDate "2018.10.10"]
[SourceQuality "1"]

1. d4 Nf6 2. c4 g6 3. Nc3 Bg7 4. e4 d6 5. f3 0-0 6. Be3 c6 7. Bd3 Qa5 8. Nge2 a6 9. a3 b5 10. b4 Qd8 11. Rc1 bxc4 12. Bxc4 d5 13. exd5 cxd5 14. Bd3 Nh5 15. Bf2 Bb7 16. 0-0 e5 17. dxe5 Bxe5 18. g3 Nd7 19. Na4 Qf6 20. f4 Nxf4 21. Nxf4 Bxf4 22. Rc2 Bd6 23. Nc5 Nxc5 24. bxc5 Be5 25. Be2 Qc6 26. Bf3 Rad8 27. Re1 Rfe8 28. Rce2 Qf6 29. Qb3 Bc6 30. a4 Bd4 31. Rxe8+ Bxe8 32. Bxd4 Qxd4+ 33. Qe3 Qxe3+ 34. Rxe3 Bxa4 35. Be2 d4 36. Ra3 Bb5 37. Bxb5 axb5 38. Rd3 Kg7 39. Kf2 Kf6 40. c6 Ke6 41. c7 Rc8 42. Rxd4 Rxc7 43. Ke3 Rb7 44. Rb4 Kd5 45. Kd3 Kc5 46. Kc3 Re7 47. Rf4 f5 48. Kd3 b4 49. Rc4+ Kb5 50. Rc8 Ka4 51. Ra8+ Kb3 52. Rc8 Rd7+ 53. Ke2 Kb2 54. Rc6 b3 55. Rc8 Kb1 56. Rc6 b2 57. Rc8 Ra7 58. Kd2 Ka1 0-1

[Event "San Sebastian de los Reyes op 17th"]
[Site "San Sebastian"]
[Date "2015.12.06"]
[Round "7"]
[White "Martinez Miura, Enrique"]
[Black "Sebastian Enesco, Alex"]
[Result "0-1"]
[WhiteElo "1611"]
[BlackElo "1833"]
[PlyCount "58"]
[EventDate "2015.11.30"]
[EventType "swiss"]
[EventRounds "9"]
[EventCountry "ESP"]
[SourceTitle "CBM 170 Extra"]
[Source "ChessBase"]
[SourceDate "2016.02.25"]
[SourceVersion "1"]
[SourceVersionDate "2016.02.25"]
[SourceQuality "1"]

1. Nf3 Nf6 2. c4 g6 3. d4 Bg7 4. Nc3 d6 5. e4 Nbd7 6. Be2 0-0 7. 0-0 e5 8. dxe5 Nxe5 9. Nxe5 dxe5 10. Bg5 h6 11. Bh4 g5 12. Bg3 Nd7 13. Qd5 c6 14. Qd2 Nb6 15. Qxd8 Rxd8 16. Rad1 Be6 17. c5 Nd7 18. b4 a5 19. a3 axb4 20. axb4 Ra3 21. Rc1 Rb3 22. b5 Nxc5 23. bxc6 bxc6 24. Rfd1 Rxd1+ 25. Bxd1 Ra3 26. f3 Nd3 27. Nb1 Ra1 28. Rc3 Nb4 29. Rc1 Na2 0-1

[Event "Madrid-ch"]
[Site "Madrid"]
[Date "2014.03.01"]
[Round "9"]
[White "Sebastian Enesco, Alex"]
[Black "Lianes Garcia, Marcos"]
[Result "1/2-1/2"]
[WhiteElo "1761"]
[BlackElo "1837"]
[PlyCount "110"]
[EventDate "2014.02.06"]
[EventType "swiss"]
[EventRounds "9"]
[EventCountry "ESP"]
[SourceTitle "CBM 159 Extra"]
[Source "ChessBase"]
[SourceDate "2014.04.24"]
[SourceVersion "1"]
[SourceVersionDate "2014.04.24"]
[SourceQuality "1"]

1. e4 e6 2. d4 d5 3. exd5 exd5 4. Nf3 Nf6 5. Bb5+ c6 6. Bd3 Bd6 7. Qe2+ Qe7 8. Qxe7+ Bxe7 9. 0-0 0-0 10. Re1 Bd6 11. Bg5 Nbd7 12. Ne5 Re8 13. f4 Ne4 14. Bxe4 dxe4 15. Nc4 Bc7 16. Nc3 f6 17. Bh4 f5 18. Ne5 Bb6 19. Bf2 Nf6 20. Rad1 Be6 21. Na4 Nd5 22. Nxb6 axb6 23. a3 Nxf4 24. Bg3 Nh5 25. Bh4 Nf4 26. Bg3 Ng6 27. Nxg6 hxg6 28. Bc7 b5 29. Bb6 Rac8 30. h4 Bd5 31. g3 Kf7 32. Kf2 Rh8 33. Ke3 g5 34. hxg5 Rh2 35. Rd2 Rxd2 36. Kxd2 Kg6 37. Bc5 Kxg5 38. Rf1 Rh8 39. Rf4 Rh2+ 40. Kc3 Rg2 41. Be7+ Kg6 42. Bh4 b6 43. Rf1 Bc4 44. Re1 Kh5 45. Bd8 Rxg3+ 46. Kb4 Bd5 47. Bxb6 f4 48. Bc7 Kg4 49. b3 e3 50. c4 bxc4 51. bxc4 Bf3 52. a4 e2 53. a5 Rh3 54. Kc3 Bg2+ 55. Kd2 Kf3 1/2-1/2

[Event "Madrid-ch"]
[Site "Madrid"]
[Date "2014.02.08"]
[Round "3"]
[White "Sebastian Enesco, Alex"]
[Black "Castro Uceda, Jose Antonio"]
[Result "1-0"]
[WhiteElo "1761"]
[BlackElo "1620"]
[PlyCount "59"]
[EventDate "2014.02.06"]
[EventType "swiss"]
[EventRounds "9"]
[EventCountry "ESP"]
[SourceTitle "CBM 159 Extra"]
[Source "ChessBase"]
[SourceDate "2014.04.24"]
[SourceVersion "1"]
[SourceVersionDate "2014.04.24"]
[SourceQuality "1"]

1. e4 c5 2. Nf3 d6 3. d4 cxd4 4. Nxd4 Nf6 5. Nc3 a6 6. Bc4 e6 7. 0-0 Be7 8. Be3 0-0 9. f3 b5 10. Bd3 Bb7 11. Qe1 Nbd7 12. Qg3 b4 13. Nd1 Nh5 14. Qh3 g6 15. Ne2 Ne5 16. Ng3 Nxg3 17. hxg3 Nxd3 18. cxd3 Rc8 19. Kh2 Rc2 20. Rh1 Qa5 21. g4 h5 22. gxh5 Qxh5 23. Qxh5 gxh5 24. Kg1 h4 25. Bf2 Rd2 26. Bxh4 Bxh4 27. Rxh4 Rxd3 28. Ne3 Rxe3 29. Kf2 Rd3 30. Rg4+ 1-0

[Event "San Sebastian de los Reyes op 15th"]
[Site "San Sebastian"]
[Date "2013.12.08"]
[Round "9"]
[White "Hidalgo Prado, David"]
[Black "Sebastian Enesco, Alex"]
[Result "0-1"]
[WhiteElo "1455"]
[BlackElo "1775"]
[PlyCount "100"]
[EventDate "2013.11.30"]
[EventType "swiss"]
[EventRounds "9"]
[EventCountry "ESP"]
[SourceTitle "CBM 157 Extra"]
[Source "ChessBase"]
[SourceDate "2013.12.19"]
[SourceVersion "1"]
[SourceVersionDate "2013.12.19"]
[SourceQuality "1"]

1. e4 Nf6 2. Nc3 d5 3. exd5 Nxd5 4. Nxd5 Qxd5 5. Nf3 e5 6. c4 Qa5 7. Bd3 Nc6 8. 0-0 Bg4 9. h3 Bh5 10. Be4 Bd6 11. Qb3 Nb4 12. a3 0-0 13. d4 Bxf3 14. Bxf3 Nc6 15. Bxc6 bxc6 16. c5 Be7 17. Be3 exd4 18. Bxd4 Bxc5 19. Bxc5 Qxc5 20. Rfc1 Qd6 21. Qc3 Rab8 22. Qxc6 Rxb2 23. Qxc7 Qf6 24. Qxa7 h5 25. Qc5 Rfb8 26. Qe3 R8b3 27. Qe1 Qf5 28. Qe8+ Kh7 29. Rf1 Rc3 30. a4 Rbb3 31. f3 Rb2 32. Qe4 Qxe4 33. fxe4 Rcc2 34. Rxf7 Rxg2+ 35. Kf1 Rh2 36. Kg1 Rbg2+ 37. Kf1 Rg3 38. Re1 Rhxh3 39. e5 Re3 40. Re2 Rh1+ 41. Kf2 Rxe2+ 42. Kxe2 Ra1 43. Ra7 Kg8 44. e6 Kf8 45. Rf7+ Kg8 46. Ra7 g5 47. Ra5 Kf8 48. Rf5+ Ke7 49. a5 h4 50. Rxg5 h3 0-1

[Event "San Sebastian de los Reyes op 15th"]
[Site "San Sebastian"]
[Date "2013.12.06"]
[Round "7"]
[White "Perez Gonzalez, Jesus Miguel"]
[Black "Sebastian Enesco, Alex"]
[Result "1-0"]
[WhiteElo "1810"]
[BlackElo "1775"]
[PlyCount "89"]
[EventDate "2013.11.30"]
[EventType "swiss"]
[EventRounds "9"]
[EventCountry "ESP"]
[SourceTitle "CBM 157 Extra"]
[Source "ChessBase"]
[SourceDate "2013.12.19"]
[SourceVersion "1"]
[SourceVersionDate "2013.12.19"]
[SourceQuality "1"]

1. g3 e5 2. Bg2 g6 3. d3 Bg7 4. Nf3 d6 5. 0-0 Nd7 6. e4 Ngf6 7. Nbd2 0-0 8. Nc4 a5 9. h3 b5 10. Ne3 c6 11. Bd2 Ne8 12. c3 Nc5 13. Bc1 f5 14. exf5 gxf5 15. d4 exd4 16. Nxd4 f4 17. Nxc6 Qc7 18. Nd5 Qf7 19. Nxf4 Kh8 20. Nd8 Qe7 21. Bxa8 Qxd8 22. Bd5 Nf6 23. Bg2 Bf5 24. Re1 Nce4 25. Be3 Qe8 26. Bd4 Qf7 27. g4 Bg6 28. Nxg6+ Qxg6 29. Bxe4 Nxe4 30. Bxg7+ Kxg7 31. Qd4+ Nf6 32. Re7+ Kg8 33. Rae1 h5 34. Qxd6 hxg4 35. Qe6+ Kh8 36. hxg4 Rg8 37. f3 b4 38. Rf7 bxc3 39. Qxf6+ Qxf6 40. Rxf6 cxb2 41. Rb6 a4 42. Rxb2 a3 43. Rb7 Rg6 44. Kg2 Rg8 45. Rh1# 1-0

[Event "San Sebastian de los Reyes op 15th"]
[Site "San Sebastian"]
[Date "2013.12.03"]
[Round "4"]
[White "Sebastian Enesco, Alex"]
[Black "Anton Quevedo, Andrea"]
[Result "1-0"]
[WhiteElo "1775"]
[BlackElo "1504"]
[PlyCount "105"]
[EventDate "2013.11.30"]
[EventType "swiss"]
[EventRounds "9"]
[EventCountry "ESP"]
[SourceTitle "CBM 157 Extra"]
[Source "ChessBase"]
[SourceDate "2013.12.19"]
[SourceVersion "1"]
[SourceVersionDate "2013.12.19"]
[SourceQuality "1"]

1. e4 c5 2. Nf3 d6 3. d4 cxd4 4. Nxd4 Nf6 5. Nc3 Nc6 6. Bb5 Bd7 7. Be3 e5 8. Nxc6 Bxc6 9. 0-0 Bxb5 10. Nxb5 Nxe4 11. Qd5 Qd7 12. Nxa7 Nc5 13. Bxc5 dxc5 14. Qxe5+ Be7 15. Rad1 Qe6 16. Qxe6 fxe6 17. Nb5 Rxa2 18. Rb1 Bf6 19. Rfd1 Ke7 20. c3 Rd8 21. Rxd8 Kxd8 22. Kf1 Kd7 23. Rd1+ Kc6 24. c4 Be5 25. b3 Rb2 26. Rd3 Bd4 27. Nxd4+ cxd4 28. Rxd4 Rxb3 29. h4 Rc3 30. h5 e5 31. Rg4 Rc1+ 32. Ke2 Rh1 33. Rg5 Kc5 34. Rxg7 Rxh5 35. Rxb7 Kxc4 36. Rd7 Rh2 37. Kf3 Rh5 38. Ke4 Rh2 39. Rc7+ Kb5 40. Kxe5 Rxg2 41. f4 Re2+ 42. Kf6 Rf2 43. f5 h5 44. Rh7 Kc5 45. Rxh5 Kd6 46. Kf7 Kd7 47. f6 Kd6 48. Rh6 Rg2 49. Kf8 Kd7 50. f7 Rg3 51. Rh7 Rg4 52. Rg7 Rf4 53. Kg8 1-0

[Event "Madrid Codes Memorial 7th"]
[Site "Madrid"]
[Date "2013.04.21"]
[Round "3"]
[White "Sorribes Calle, Pablo"]
[Black "Sebastian Enesco, Alex"]
[Result "1-0"]
[WhiteElo "1663"]
[BlackElo "1795"]
[PlyCount "99"]
[EventDate "2013.04.07"]
[EventType "swiss"]
[EventRounds "9"]
[EventCountry "ESP"]
[SourceTitle "EXT 2014"]
[Source "ChessBase"]
[SourceDate "2013.11.20"]
[SourceVersion "1"]
[SourceVersionDate "2013.11.20"]
[SourceQuality "1"]

1. d4 e5 2. dxe5 Nc6 3. Nf3 Qe7 4. Bd2 Nxe5 5. Nxe5 Qxe5 6. Bc3 Qg5 7. g3 d5 8. Bg2 c6 9. 0-0 Nh6 10. Nd2 Ng4 11. Nf3 Qh5 12. b4 Bf5 13. h3 Nh6 14. g4 Bxg4 15. hxg4 Nxg4 16. e4 0-0-0 17. e5 Re8 18. Qd4 Kb8 19. Qf4 Be7 20. Rfe1 Ka8 21. Rad1 Bd8 22. b5 Re6 23. bxc6 Rxc6 24. Bd4 Re8 25. Nh2 Rg6 26. Kh1 Ba5 27. c3 Rh6 28. Rd3 Qxh2+ 29. Qxh2 Nxh2 30. Kg1 Ree6 31. Bh3 Ng4 32. Bxg4 Re8 33. Kf1 Bc7 34. Bf3 Rd8 35. Rb1 Kb8 36. Rb5 b6 37. Rxd5 Re8 38. Re3 g5 39. Bg4 Rh1+ 40. Kg2 Ra1 41. Re2 h5 42. Bxh5 Rh8 43. Bxf7 Rd1 44. Be6 Rdh1 45. Rd7 R1h2+ 46. Kg3 Rh1 47. f3 Bd8 48. Bg4 Re8 49. Rh2 Re1 50. Rhh7 1-0

[Event "Madrid-ch Previa-B"]
[Site "Madrid"]
[Date "2013.02.22"]
[Round "8"]
[White "Morona Minguez, Miguel"]
[Black "Sebastian Enesco, Alex"]
[Result "0-1"]
[WhiteElo "1628"]
[BlackElo "1771"]
[PlyCount "104"]
[EventDate "2013.02.01"]
[EventType "swiss"]
[EventRounds "9"]
[EventCountry "ESP"]
[SourceTitle "CBM 152 Extra"]
[Source "ChessBase"]
[SourceDate "2013.02.25"]
[SourceVersion "1"]
[SourceVersionDate "2013.02.25"]
[SourceQuality "1"]

1. e4 Nf6 2. Nc3 d5 3. e5 Ng4 4. d4 g6 5. Be2 Nh6 6. Bxh6 Bxh6 7. Nf3 Nc6 8. 0-0 0-0 9. Re1 Bg4 10. h3 Bxf3 11. Bxf3 e6 12. Ne2 Qe7 13. c3 b5 14. Ng3 a5 15. b3 Qa3 16. c4 bxc4 17. bxc4 Qc3 18. cxd5 Nxd4 19. dxe6 Nxf3+ 20. Qxf3 Qxf3 21. gxf3 fxe6 22. Kg2 Rab8 23. Ne4 Bg7 24. Nc5 Rfe8 25. Rab1 Rxb1 26. Rxb1 Bxe5 27. Re1 Bd6 28. Rxe6 Rb8 29. Na4 Rb1 30. Re8+ Kf7 31. Ra8 Bb4 32. Ra7 Rc1 33. a3 Bxa3 34. Rxa5 c5 35. Ra7+ Kg8 36. Nb6 Bb4 37. Nd5 Rc2 38. Nf6+ Kf8 39. Nxh7+ Ke8 40. Nf6+ Kd8 41. Ne4 c4 42. Rg7 Rb2 43. Rg8+ Kc7 44. Rg7+ Kd8 45. Rg8+ Ke7 46. Rg7+ Kf8 47. Rxg6 c3 48. Rc6 c2 49. h4 Ra2 50. Nc3 c1Q 51. Nxa2 Qxc6 52. Nxb4 Qc4 0-1

[Event "Madrid-ch Previa-B"]
[Site "Madrid"]
[Date "2013.02.02"]
[Round "2"]
[White "Sebastian Enesco, Alex"]
[Black "Escanciano Reyero, Daniel"]
[Result "1-0"]
[WhiteElo "1771"]
[BlackElo "1498"]
[PlyCount "35"]
[EventDate "2013.02.01"]
[EventType "swiss"]
[EventRounds "9"]
[EventCountry "ESP"]
[SourceTitle "CBM 152 Extra"]
[Source "ChessBase"]
[SourceDate "2013.02.25"]
[SourceVersion "1"]
[SourceVersionDate "2013.02.25"]
[SourceQuality "1"]

1. e4 e6 2. d4 d5 3. Nc3 Bb4 4. e5 Bd7 5. Qg4 g6 6. Nf3 h6 7. Bd3 Ne7 8. Nh4 g5 9. Nf3 c5 10. h4 f5 11. exf6 e5 12. Qh5+ Kf8 13. fxe7+ Qxe7 14. 0-0 e4 15. Nxd5 Qd6 16. Bxe4 Be8 17. Qg4 Bf7 18. Nxb4 1-0

[Event "Madrid-ch Previa-B"]
[Site "Madrid"]
[Date "2013.02.01"]
[Round "1"]
[White "Lopez Ziegler, Juan Jose"]
[Black "Sebastian Enesco, Alex"]
[Result "1/2-1/2"]
[WhiteElo "1451"]
[BlackElo "1771"]
[PlyCount "58"]
[EventDate "2013.02.01"]
[EventType "swiss"]
[EventRounds "9"]
[EventCountry "ESP"]
[SourceTitle "CBM 152 Extra"]
[Source "ChessBase"]
[SourceDate "2013.02.25"]
[SourceVersion "1"]
[SourceVersionDate "2013.02.25"]
[SourceQuality "1"]

1. d4 d5 2. Nf3 Nf6 3. Bf4 e6 4. e3 Be7 5. Nbd2 0-0 6. c3 c5 7. Bd3 Nc6 8. Ne5 cxd4 9. exd4 Nxe5 10. dxe5 Nd7 11. Qh5 g6 12. Qg4 Nc5 13. Bc2 h5 14. Qh3 Bg5 15. g3 Kg7 16. Rg1 Rh8 17. 0-0-0 b5 18. b4 Na4 19. Bxa4 bxa4 20. a3 a5 21. Ne4 Bxf4+ 22. gxf4 axb4 23. cxb4 Qc7+ 24. Nc5 Bd7 25. Kd2 Rac8 26. Rc1 Qa7 27. Qe3 d4 28. Qxd4 Rhd8 29. Ke3 Rc7 1/2-1/2

[Event "San Sebastian de los Reyes op 14th"]
[Site "San Sebastian"]
[Date "2012.12.08"]
[Round "8"]
[White "Sebastian Enesco, Alex"]
[Black "Perez Gonzalez, Jesus Miguel"]
[Result "1-0"]
[WhiteElo "1731"]
[BlackElo "1809"]
[PlyCount "65"]
[EventDate "2012.12.01"]
[EventType "swiss"]
[EventRounds "9"]
[EventCountry "ESP"]
[SourceTitle "CBM 151 Extra"]
[Source "ChessBase"]
[SourceDate "2012.12.18"]
[SourceVersion "1"]
[SourceVersionDate "2012.12.18"]
[SourceQuality "1"]

1. e4 e5 2. Nf3 Nc6 3. Be2 Nf6 4. Nc3 g6 5. 0-0 Bg7 6. d4 exd4 7. Nxd4 0-0 8. Nxc6 bxc6 9. Bg5 Qe8 10. Bd3 d6 11. Re1 Rb8 12. Bc4 Be6 13. Bb3 Nd7 14. Qd2 Nc5 15. Bh6 Qe7 16. Bxg7 Kxg7 17. f4 Qd7 18. Re3 Rb4 19. f5 Bxb3 20. axb3 a6 21. Rh3 h5 22. f6+ Kh7 23. Qe2 Kh6 24. g4 Re8 25. Qe3+ Kh7 26. gxh5 Rexe4 27. hxg6+ Kxg6 28. Rh6+ Kf5 29. Nxe4 Rxe4 30. Rf1+ Ke6 31. Qh3+ Kd5 32. Rh5+ Re5 33. c4+ 1-0

[Event "San Sebastian de los Reyes op 14th"]
[Site "San Sebastian"]
[Date "2012.12.01"]
[Round "1"]
[White "Sebastian Enesco, Alex"]
[Black "Almagro Llamas, Pablo"]
[Result "0-1"]
[WhiteElo "1731"]
[BlackElo "2442"]
[PlyCount "48"]
[EventDate "2012.12.01"]
[EventType "swiss"]
[EventRounds "9"]
[EventCountry "ESP"]
[SourceTitle "CBM 151 Extra"]
[Source "ChessBase"]
[SourceDate "2012.12.18"]
[SourceVersion "1"]
[SourceVersionDate "2012.12.18"]
[SourceQuality "1"]

1. e4 c5 2. b4 cxb4 3. a3 bxa3 4. Bxa3 d6 5. Nc3 g6 6. Rb1 Bg7 7. d4 Nc6 8. Bb5 Bd7 9. Bxc6 Bxc6 10. Nge2 b6 11. 0-0 Nf6 12. d5 Bb7 13. f4 0-0 14. h3 Rc8 15. e5 dxe5 16. d6 exd6 17. fxe5 Ne4 18. Nb5 Bxe5 19. Nxa7 Nc3 20. Nxc3 Rxc3 21. Nb5 Qg5 22. Qg4 Qe3+ 23. Kh1 Rxc2 24. Rg1 h5 0-1

[Event "Tres Cantos op 4th"]
[Site "Tres Cantos"]
[Date "2012.06.25"]
[Round "5"]
[White "Sebastian Enesco, Alex"]
[Black "Pindado Campos, Raul"]
[Result "0-1"]
[WhiteElo "1806"]
[BlackElo "1908"]
[PlyCount "96"]
[EventDate "2012.06.21"]
[EventType "swiss"]
[EventRounds "9"]
[EventCountry "ESP"]
[SourceTitle "CBM 149 Extra"]
[Source "ChessBase"]
[SourceDate "2012.08.24"]
[SourceVersion "1"]
[SourceVersionDate "2012.08.24"]
[SourceQuality "1"]

1. d4 Nf6 2. c4 g6 3. Nf3 Bg7 4. e3 d6 5. Nc3 0-0 6. Bd3 Nbd7 7. d5 c6 8. 0-0 cxd5 9. cxd5 Nc5 10. h3 a6 11. Rb1 b5 12. b4 Nxd3 13. Qxd3 Bd7 14. Re1 Rc8 15. Bb2 Rc7 16. Ne4 Nxe4 17. Bxg7 Kxg7 18. Qxe4 Rc4 19. Nd4 Kg8 20. Qh4 e5 21. Qxd8 Rxd8 22. Ne2 Bf5 23. Rb2 Rdc8 24. Ng3 Bd7 25. a3 Kf8 26. Ree2 Ke7 27. Red2 Rc3 28. Ra2 f5 29. Ne2 R3c4 30. Kh2 a5 31. bxa5 Ra8 32. f4 Rxa5 33. fxe5 dxe5 34. Ng1 Rc3 35. Re2 Raxa3 36. Rxa3 Rxa3 37. e4 fxe4 38. Rxe4 Kd6 39. Nf3 Bf5 40. Re1 Rxf3 41. gxf3 b4 42. Ra1 b3 43. Ra6+ Kxd5 44. Rb6 Kc4 45. Kg3 Kc3 46. Kf2 b2 47. Rc6+ Kd4 48. Rd6+ Kc5 0-1